ドムドムハンバーガーの店舗 - Statistics

General Stats
  • This quiz has been taken 17 times
    6 since last reset
  • The average score is 9 of 29
Answer Stats
Hint Answer % Correct
山形県 山交ビル FC店
60%
東京都 イオンスタイル赤羽
60%
岩手県 江釣子
40%
宮城県 イオンモール新利府北館
40%
東京都 マルエツ大泉学園
40%
東京都 東大島
40%
東京都 浅草花やしき
40%
東京都 小平
40%
千葉県 イオン海浜幕張
40%
千葉県 茂原アスモ FC店
40%
神奈川県 上溝
40%
神奈川県 イオン金沢八景
40%
大阪府 イオン吹田
40%
千葉県 マルエツ東習志野
20%
千葉県 市原ぞうの国
20%
千葉県 野田運河プラザ館
20%
神奈川県 三ツ境
20%
静岡県 ラフレ初生
20%
大阪府 千船駅
20%
大阪府 津之江 FC店
20%
大阪府 深井
20%
兵庫県 湊川
20%
兵庫県 姫路広畑
20%
和歌山県 海南 FC店
20%
岡山県 原尾島 FC店
20%
岡山県 岡南 FC店
20%
岡山県 児島 FC店
20%
福岡県 イオン笹丘
20%
東京都 G×DOMDOM
20%
No matching quizzes found
Score Distribution
Percent of People with Each Score
Percentile by Number Answered
Your Score History
You have not taken this quiz since the last reset